[Event "RUS-ch IPCA"]
[Site "Volgograd"]
[Date "2017.05.01"]
[Round "2"]
[White "Chestnov, Vitaliy A"]
[Black "Lukmanov, Artem"]
[Result "1-0"]
[WhiteElo "2240"]
[BlackElo "1529"]
[PlyCount "83"]
[EventDate "2017.04.30"]
[EventType "swiss"]
[EventRounds "9"]
[EventCountry "RUS"]
[SourceTitle "CBM 178 Extra"]
[Source "ChessBase"]
[SourceDate "2017.06.22"]
[SourceVersion "1"]
[SourceVersionDate "2017.06.22"]
[SourceQuality "1"]

1. e4 e5 2. Nf3 Nc6 3. Nc3 Nf6 4. Bb5 a6 5. Bxc6 dxc6 6. Nxe5 Nxe4 7. Nxe4 Qd4 8. 0-0 Qxe5 9. d4 Qd5 10. Re1 Be6 11. Ng5 0-0-0 12. Nxe6 fxe6 13. c3 c5 14. Qg4 Bd6 15. Qxe6+ Qxe6 16. Rxe6 cxd4 17. cxd4 Bb4 18. Be3 Rhe8 19. Rxe8 Rxe8 20. Kf1 g6 21. Ke2 Bf8 22. Rc1 Bg7 23. Kd3 Rd8 24. h4 c6 25. Rc5 Bf6 26. g3 Rd6 27. b3 Kd7 28. f3 b6 29. Rc4 c5 30. a4 a5 31. Ke4 Re6+ 32. Kf4 g5+ 33. hxg5 Bxg5+ 34. Kxg5 Rxe3 35. Kf4 Rxb3 36. dxc5 Rb4 37. Rxb4 axb4 38. Ke3 bxc5 39. Kd3 b3 40. Kc3 c4 41. f4 h6 42. a5 1-0

[Event "Moscow-ch"]
[Site "Moscow"]
[Date "1996.??.??"]
[Round "4"]
[White "Kekov, Alexandr"]
[Black "Chestnov, Vitaliy A"]
[Result "0-1"]
[WhiteElo "2370"]
[BlackElo "2190"]
[PlyCount "44"]
[EventDate "1996.08.??"]
[EventType "swiss"]
[EventRounds "11"]
[EventCountry "RUS"]
[SourceTitle "CBM 055 Extra"]
[Source "ChessBase"]
[SourceDate "1997.01.01"]
[SourceVersion "1"]
[SourceVersionDate "1997.01.01"]
[SourceQuality "1"]

1. e4 c5 2. Nf3 g6 3. d4 cxd4 4. Nxd4 Bg7 5. Nc3 Nc6 6. Be3 Nf6 7. Bc4 0-0 8. Bb3 a5 9. Nxc6 bxc6 10. e5 Ne8 11. e6 fxe6 12. Bxe6+ Kh8 13. 0-0 Ba6 14. Qxd7 Bxf1 15. Rxf1 Qxd7 16. Bxd7 Nd6 17. Na4 Nc4 18. Bc1 Rad8 19. Be6 Nd2 20. Re1 Bd4 21. Kh1 Bxf2 22. Rf1 Ne4 0-1